मोदीनामा-नरेंद्र मोदी यांचे चरित्र. (Record no. 1315945)

MARC details
000 -LEADER
fixed length control field 00949nam a2200181Ia 4500
008 - FIXED-LENGTH DATA ELEMENTS--GENERAL INFORMATION
fixed length control field 151202s9999||||xx |||||||||||||| ||und||
082 ## - DEWEY DECIMAL CLASSIFICATION NUMBER
Item number PNVM-49699
100 ## - MAIN ENTRY--PERSONAL NAME
Personal name किश्वर मधु पुर्णिमा/अनु-कुबेर विनित.
245 ## - TITLE STATEMENT
Title मोदीनामा-नरेंद्र मोदी यांचे चरित्र.
260 ## - PUBLICATION, DISTRIBUTION, ETC. (IMPRINT)
Name of publisher, distributor, etc "स्नेहल प्रकाशन,पुणे."
260 ## - PUBLICATION, DISTRIBUTION, ETC. (IMPRINT)
Date of publication, distribution, etc 2013
300 ## - PHYSICAL DESCRIPTION
Extent 234
600 ## - SUBJECT ADDED ENTRY--PERSONAL NAME
Personal name किश्वर मधु पुर्णिमा/अनु-कुबेर विनित.
630 ## - SUBJECT ADDED ENTRY--UNIFORM TITLE
Uniform title मोदीनामा-नरेंद्र मोदी यांचे चरित्र.
700 ## - ADDED ENTRY--PERSONAL NAME
Personal name किश्वर मधु पुर्णिमा/अनु-कुबेर विनित.
730 ## - ADDED ENTRY--UNIFORM TITLE
Uniform title मोदीनामा-नरेंद्र मोदी यांचे चरित्र.
942 ## - ADDED ENTRY ELEMENTS (KOHA)
Koha item type Book

No items available.